MARC

LEADER 00000nam0a2200000 4500
001 229905
005 20231101230954.0
035 |a (RuTPU)RU\TPU\book\250563 
035 |a RU\TPU\book\250555 
090 |a 229905 
100 |a 20130116d1949 km y0rusy50 ca 
101 0 |a rus 
102 |a RU 
105 |a a z 000zb 
200 1 |a Иван Петрович Павлов: жизнь, деятельность и научная школа  |f П. К. Анохин  |g Академия наук СССР (АН СССР) 
210 |a Москва  |a Ленинград  |c Изд-во Академии наук СССР  |d 1949 
215 |a 403 с.  |c ил. 
225 1 |a Биографии 
316 |5 63413507: КР-16  |a На с. 5 владельческая подпись: "К. Радугин" 
317 |5 63413507: КР-16  |a Поступила в НТБ в 2004 г. в составе книжного собрания профессора ТПИ К. В. Радугина 
600 1 |a Павлов  |g Иван Петрович  |f 1849-1936  |b И. П.  |c российский физиолог  |c академик Петербургской АН  |2 stltpush  |3 (RuTPU)RU\TPU\pers\1293 
606 1 |a Физиология  |2 stltpush  |3 (RuTPU)RU\TPU\subj\63782  |9 80720 
610 1 |a Россия 
610 1 |a 19 век 
610 1 |a 20 век 
610 1 |a рефлексы 
610 1 |a высшая нервная деятельность 
610 1 |a кровообращение 
610 1 |a пищеварение 
610 1 |a научная деятельность 
610 1 |a персоналии 
610 1 |a библиотека К. В. Радугина 
610 1 |a владельческая надпись 
675 |a 612(092)  |v 3 
700 1 |a Анохин  |b П. К. 
712 0 2 |a Академия наук СССР (АН СССР)  |2 stltpush  |3 (RuTPU)RU\TPU\col\722 
801 1 |a RU  |b 63413507  |c 20130116 
801 2 |a RU  |b 63413507  |c 20190304  |g RCR 
942 |c BK